00484nam a2200193 a 4500001001300000003000900013005001700022008004100039020001000080082001700090100002100107245001700128260003500145300000900180500003500189505003000224650001500254700002100269nice12345678IN_TiNIC20260116012517.0050524s0000 luca grp 000 0 urd  ac10000a297.64bSHA1 aShamim, Amhonawi aSher-E-Khuda aLucknowbMaktaba Kaliyanc0000 a64p. aincludes index and biblioraphy2 akaliyan series number 24. aAli-Caliph1 aShamim, Amhonawi